Someone and the Something - Statistics

General Stats
  • This quiz has been taken 27 times
  • The average score is 9 of 15
Answer Stats
Hint Answer % Correct
Bill Haley & His Comets
94%
Frankie Valli & The Four Seasons
89%
Huey Lewis & The News
83%
Prince & The Revolution
83%
Josie & The Pussycats
72%
Cliff Richard & The Shadows
72%
King Gizzard & The Lizard Wizard
67%
Bobby "Boris" Pickett & The Crypt-Kickers
61%
George Thorogood & The Destroyers
56%
Dr. Teeth & The Electric Mayhem
50%
Henry Hall & His Gleneagles
44%
Johnny Thunders & The Heartbreakers
39%
Max Frost & The Troopers
33%
Joey & The Twisters
28%
Bobby Fuller & The Fanatics
22%
No matching quizzes found
Score Distribution
Percent of People with Each Score
Percentile by Number Answered
Your Score History
You have not taken this quiz